| 000 | 00518cam a2200169 a 4500 | ||
|---|---|---|---|
| 020 | _a0852245653 | ||
| 020 | _a0852246110 (pbk.) | ||
| 082 | 0 | 0 |
_a297.63 _bWAT _cL-31,P-84 |
| 100 | 1 |
_aWatt, W. Montgomery _937105 |
|
| 245 | 1 | 0 |
_aMuḥammad's Mecca : _bhistory in the Qurʼān / _cW. Montgomery Watt. |
| 260 |
_aEdinburgh : _bEdinburgh University Press, _cc1988. |
||
| 300 |
_avii, 113 p. ; _c23 cm. |
||
| 500 | _aIncludes index. | ||
| 526 |
_a0 _b0 _c0 _d297_630000000000000_WAT |
||
| 650 |
_aMCE _9379 |
||
| 942 |
_2ddc _cBK |
||
| 999 |
_c542340 _d542340 |
||